|
|
|
|
| LEADER |
00000nam0a2200000 4500 |
| 001 |
80954 |
| 005 |
20231101213137.0 |
| 035 |
|
|
|a (RuTPU)RU\TPU\book\87027
|
| 090 |
|
|
|a 80954
|
| 100 |
|
|
|a 20050914d1979 m y0engy50 ba
|
| 101 |
0 |
|
|a eng
|
| 102 |
|
|
|a RU
|
| 105 |
|
|
|a y z 000fy
|
| 200 |
1 |
|
|a Selected Short Stories
|a Избранные рассказы
|f F. S. Fitzgerald ( Фицджеральд ),
|
| 210 |
|
|
|a M.
|c Progress Publishers
|d 1979
|
| 215 |
|
|
|a 357 p.
|
| 610 |
1 |
|
|a рассказы
|
| 610 |
1 |
|
|a английская литература
|
| 675 |
|
|
|a 82
|v 3
|
| 700 |
|
1 |
|a Фицджеральд
|b Ф. С.
|c американский писатель
|f 1896-1940
|g Френсис Скотт
|2 stltpush
|3 (RuTPU)RU\TPU\pers\11745
|9 2892
|
| 801 |
|
1 |
|a RU
|b 63413507
|c 20050914
|g PSBO
|
| 801 |
|
2 |
|a RU
|b 63413507
|c 20160808
|g PSBO
|
| 942 |
|
|
|c BK
|